| 000 | 01747nam a2200517 i 4500 | ||
|---|---|---|---|
| 001 | 21230 | ||
| 003 | KOSZ 005 | ||
| 005 | 20210416135805.0 | ||
| 008 | 990506s1982 pl a f f |000 0 pol | ||
| 015 | _aUWD 1983/5627 | ||
| 035 | _a991009407569705066 | ||
| 035 | _a(PL-WaBN)b12548029-48omnis_nlop | ||
| 035 | _ab12548029 | ||
| 035 | _a(OCoLC)749800696 | ||
| 035 | _a(PL)b0000001254802 | ||
| 035 | _a(EXLNZ-48OMNIS_NETWORK)9910056537705606 | ||
| 040 |
_aWA N _cWA N _dKR U _dKOSZ 005/HR |
||
| 046 | _k1982 | ||
| 080 | _a681.5 | ||
| 080 | _a519.8 | ||
| 080 | _a(075.8+076) | ||
| 245 | 0 | 0 |
_aTeoria sterowania i teoria systemów : _blaboratorium / _cLeszek Trybus [et al.]. |
| 250 | _aWyd. 2. | ||
| 260 |
_aRzeszów : _bPolitechnika Rzeszowska im. I. Łukasiewicza, _c1982. |
||
| 300 |
_a251 s. : _brys., wykr. ; _c21 cm. |
||
| 336 |
_aTekst _btxt _2rdacontent |
||
| 337 |
_aBez urządzenia pośredniczącego _bn _2rdamedia |
||
| 338 |
_aWolumin _bnc _2rdacarrier |
||
| 380 | _aKsiążki | ||
| 380 | _aPublikacje dydaktyczne | ||
| 385 |
_mPoziom nauczania _aSzkoły wyższe |
||
| 388 | _a1901-2000 | ||
| 388 | _a1945-1989 | ||
| 504 | _aBibliogr. s. 250-251. | ||
| 650 | 7 |
_aAnaliza systemowa _2DBN |
|
| 650 | 7 |
_aAutomatyka _2DBN |
|
| 650 | 7 | _aUrządzenia | |
| 650 | 7 |
_aTeoria sterowania _2DBN |
|
| 655 | 7 |
_aĆwiczenia i zadania dla szkół wyższych _2DBN |
|
| 658 | _aInżynieria i technika | ||
| 700 | 1 |
_aTrybus, Leszek _d(1946- ) _eAutor |
|
| 710 | 2 |
_aPolitechnika Rzeszowska im. Ignacego Łukasiewicza _4pbl |
|
| 856 |
_uhttp://koha.tu.koszalin.pl/cgi-bin/koha/opac-detail.pl?biblionumber=21230 _yKatalog online BPK |
||
| 942 |
_2UKD _cKS |
||
| 999 |
_c21230 _d21230 |
||